000 00292nam a2200109Ia 4500
008 220214s9999 xx 000 0 und d
100 _aSonnenberg Ann M
245 0 _aElectron beam vulcanization of elastomers
260 _bKautschuk Gummi Kunststoffe
_c1994
300 _a864-868
942 _cRE
999 _c45923
_d45923